<?xml version="1.0" encoding="UTF-8"?>
<record
    xmlns:xsi="http://www.w3.org/2001/XMLSchema-instance"
    xsi:schemaLocation="http://www.loc.gov/MARC21/slim http://www.loc.gov/standards/marcxml/schema/MARC21slim.xsd"
    xmlns="http://www.loc.gov/MARC21/slim">

  <leader>00613nam a22002177a 4500</leader>
  <controlfield tag="005">20230412133413.0</controlfield>
  <controlfield tag="008">230404b        |||||||| |||| 00| 0 eng d</controlfield>
  <datafield tag="040" ind1=" " ind2=" ">
    <subfield code="a">CBULib</subfield>
    <subfield code="c">CBULib</subfield>
  </datafield>
  <datafield tag="041" ind1=" " ind2=" ">
    <subfield code="a">eng</subfield>
  </datafield>
  <datafield tag="050" ind1=" " ind2=" ">
    <subfield code="a">DS 113.8.Z33 Alb</subfield>
  </datafield>
  <datafield tag="100" ind1=" " ind2=" ">
    <subfield code="a">Albert, Shea</subfield>
  </datafield>
  <datafield tag="245" ind1=" " ind2=" ">
    <subfield code="a">The gateway Jewish museum project</subfield>
    <subfield code="c">/ by Shea Albert and David Saks</subfield>
  </datafield>
  <datafield tag="260" ind1=" " ind2=" ">
    <subfield code="a">Lusaka :</subfield>
    <subfield code="b">Council for Zambia Jewry, </subfield>
    <subfield code="c">2018</subfield>
  </datafield>
  <datafield tag="300" ind1=" " ind2=" ">
    <subfield code="a">68 pages : illustrations </subfield>
  </datafield>
  <datafield tag="600" ind1=" " ind2=" ">
    <subfield code="2">Title page</subfield>
    <subfield code="a">ALBERT, SHEA</subfield>
  </datafield>
  <datafield tag="600" ind1=" " ind2=" ">
    <subfield code="2">Title page</subfield>
    <subfield code="a">SAKS, DAVID</subfield>
  </datafield>
  <datafield tag="650" ind1=" " ind2=" ">
    <subfield code="a">JEWS--ZAMBIA</subfield>
  </datafield>
  <datafield tag="650" ind1=" " ind2=" ">
    <subfield code="a">JEWS</subfield>
  </datafield>
  <datafield tag="700" ind1=" " ind2=" ">
    <subfield code="a">Saks, David</subfield>
  </datafield>
  <datafield tag="942" ind1=" " ind2=" ">
    <subfield code="c">002</subfield>
  </datafield>
  <datafield tag="999" ind1=" " ind2=" ">
    <subfield code="c">75616</subfield>
    <subfield code="d">75616</subfield>
  </datafield>
  <datafield tag="952" ind1=" " ind2=" ">
    <subfield code="0">0</subfield>
    <subfield code="1">0</subfield>
    <subfield code="2">lcc</subfield>
    <subfield code="4">0</subfield>
    <subfield code="7">0</subfield>
    <subfield code="8">MC</subfield>
    <subfield code="a">001</subfield>
    <subfield code="b">001</subfield>
    <subfield code="c">GEN</subfield>
    <subfield code="d">2023-04-04</subfield>
    <subfield code="e">Book Aid International</subfield>
    <subfield code="g">25.00</subfield>
    <subfield code="o">DS 113.8.Z33 Alb</subfield>
    <subfield code="p">751880</subfield>
    <subfield code="r">2023-04-04</subfield>
    <subfield code="t">1</subfield>
    <subfield code="v">32.50</subfield>
    <subfield code="w">2023-04-04</subfield>
    <subfield code="y">002</subfield>
  </datafield>
  <datafield tag="952" ind1=" " ind2=" ">
    <subfield code="0">0</subfield>
    <subfield code="1">0</subfield>
    <subfield code="2">lcc</subfield>
    <subfield code="4">0</subfield>
    <subfield code="7">0</subfield>
    <subfield code="8">MC</subfield>
    <subfield code="a">001</subfield>
    <subfield code="b">001</subfield>
    <subfield code="c">GEN</subfield>
    <subfield code="d">2023-04-04</subfield>
    <subfield code="e">DON-BOOKAID</subfield>
    <subfield code="g">25.00</subfield>
    <subfield code="l">1</subfield>
    <subfield code="o">DS 113.8.Z33 Alb</subfield>
    <subfield code="p">751881</subfield>
    <subfield code="r">2023-06-26</subfield>
    <subfield code="s">2023-06-12</subfield>
    <subfield code="t">2</subfield>
    <subfield code="v">32.50</subfield>
    <subfield code="w">2023-04-04</subfield>
    <subfield code="y">002</subfield>
  </datafield>
  <datafield tag="952" ind1=" " ind2=" ">
    <subfield code="0">0</subfield>
    <subfield code="1">0</subfield>
    <subfield code="2">lcc</subfield>
    <subfield code="4">0</subfield>
    <subfield code="7">0</subfield>
    <subfield code="8">MC</subfield>
    <subfield code="a">001</subfield>
    <subfield code="b">001</subfield>
    <subfield code="c">GEN</subfield>
    <subfield code="d">2023-04-04</subfield>
    <subfield code="e">DON-BOOKAID</subfield>
    <subfield code="g">25.00</subfield>
    <subfield code="l">1</subfield>
    <subfield code="o">DS 113.8.Z33 Alb</subfield>
    <subfield code="p">751882</subfield>
    <subfield code="r">2023-04-20</subfield>
    <subfield code="s">2023-04-20</subfield>
    <subfield code="t">3</subfield>
    <subfield code="v">32.50</subfield>
    <subfield code="w">2023-04-04</subfield>
    <subfield code="y">002</subfield>
  </datafield>
  <datafield tag="952" ind1=" " ind2=" ">
    <subfield code="0">0</subfield>
    <subfield code="1">0</subfield>
    <subfield code="2">lcc</subfield>
    <subfield code="4">0</subfield>
    <subfield code="7">0</subfield>
    <subfield code="8">SOM</subfield>
    <subfield code="a">002</subfield>
    <subfield code="b">002</subfield>
    <subfield code="c">SOM</subfield>
    <subfield code="d">2023-04-12</subfield>
    <subfield code="e">DON-MISCELLANEOUS</subfield>
    <subfield code="g">25.00</subfield>
    <subfield code="o">DS 113.8.Z33 Alb</subfield>
    <subfield code="p">905341</subfield>
    <subfield code="r">2023-04-12</subfield>
    <subfield code="t">4</subfield>
    <subfield code="v">32.50</subfield>
    <subfield code="w">2023-04-12</subfield>
    <subfield code="y">002</subfield>
  </datafield>
  <datafield tag="952" ind1=" " ind2=" ">
    <subfield code="0">0</subfield>
    <subfield code="1">0</subfield>
    <subfield code="2">lcc</subfield>
    <subfield code="4">0</subfield>
    <subfield code="7">0</subfield>
    <subfield code="8">SOM</subfield>
    <subfield code="a">002</subfield>
    <subfield code="b">002</subfield>
    <subfield code="c">SOM</subfield>
    <subfield code="d">2023-04-12</subfield>
    <subfield code="e">DON-MISCELLANEOUS</subfield>
    <subfield code="g">25.00</subfield>
    <subfield code="o">DS 113.8.Z33 Alb</subfield>
    <subfield code="p">905342</subfield>
    <subfield code="r">2023-04-12</subfield>
    <subfield code="t">5</subfield>
    <subfield code="v">32.50</subfield>
    <subfield code="w">2023-04-12</subfield>
    <subfield code="y">002</subfield>
  </datafield>
  <datafield tag="952" ind1=" " ind2=" ">
    <subfield code="0">0</subfield>
    <subfield code="1">0</subfield>
    <subfield code="2">lcc</subfield>
    <subfield code="4">0</subfield>
    <subfield code="7">0</subfield>
    <subfield code="8">SOM</subfield>
    <subfield code="a">002</subfield>
    <subfield code="b">002</subfield>
    <subfield code="c">SOM</subfield>
    <subfield code="d">2023-04-12</subfield>
    <subfield code="e">DON-MISCELLANEOUS</subfield>
    <subfield code="g">25.00</subfield>
    <subfield code="o">DS 113.8.Z33 Alb</subfield>
    <subfield code="p">905343</subfield>
    <subfield code="r">2023-04-12</subfield>
    <subfield code="t">6</subfield>
    <subfield code="v">32.50</subfield>
    <subfield code="w">2023-04-12</subfield>
    <subfield code="y">002</subfield>
  </datafield>
</record>
